[Event "European Rapid 2017"]
[Site "Katowice POL"]
[Date "2017.12.17"]
[Round "11.33"]
[White "Laurusas, Tomas"]
[Black "Jaskolka, Tomasz"]
[Result "1-0"]
[WhiteTitle "IM"]
[WhiteElo "2423"]
[BlackElo "2011"]
[WhiteFideId "12803731"]
[BlackFideId "1170791"]
[EventDate "2017.12.16"]

1. d4 Nf6 2. c4 c5 3. d5 b5 4. Nd2 b4 5. e4 d6 6. Ngf3 Nbd7 7. Be2 Bb7 8. O-O g6
9. b3 Bg7 10. Bb2 O-O 11. Qc2 a5 12. a4 Nh5 13. Rfe1 e5 14. dxe6 fxe6 15. Bxg7
Nxg7 16. e5 Nxe5 17. Nxe5 dxe5 18. Bf3 Bxf3 19. Nxf3 Nf5 20. Rxe5 Nd4 21. Nxd4
Qxd4 22. Rae1 Rf6 23. R5e4 Qd6 24. Qe2 Rd8 25. g3 Kf7 26. Qe3 Rd7 27. Re5 Rc7
28. h4 Qd4 29. Qxd4 cxd4 30. f4 Rf5 31. Rxe6 Rd7 32. R6e4 d3 33. Rd1 Rf6 34. Rd2
Re6 35. Rxe6 Kxe6 36. Kf2 Kf5 37. Ke3 Re7+ 38. Kf3 Re1 39. Rxd3 Rc1 40. Ke3 Ke6
41. Kd2 Rg1 42. Re3+ Kd6 43. Kd3 Rd1+ 44. Ke4 Ke6 45. Rd3 Re1+ 46. Kd4 Kd6 47.
Re3 Rd1+ 48. Ke4 Ke6 49. g4 Rf1 50. Rf3 Re1+ 51. Kd4 Kd6 52. f5 gxf5 53. gxf5
Rd1+ 54. Ke4 Re1+ 55. Kf4 Rg1 56. f6 Ke6 57. Ke4 Kf7 58. Kf5 Rg6 59. Ke5 Rg4 60.
c5 Rxh4 61. c6 Rh1 62. c7 Rc1 63. Kd6 h5 64. Kd7 Rd1+ 65. Kc6 1-0

[Event "European Rapid 2017"]
[Site "Katowice POL"]
[Date "2017.12.17"]
[Round "11.34"]
[White "Karpus, Michal"]
[Black "McShane, Luke J"]
[Result "0-1"]
[WhiteTitle "FM"]
[BlackTitle "GM"]
[WhiteElo "2328"]
[BlackElo "2640"]
[WhiteFideId "1174088"]
[BlackFideId "404853"]
[EventDate "2017.12.16"]

1. e4 d6 2. d4 Nf6 3. Nc3 e5 4. Nf3 exd4 5. Nxd4 Be7 6. Be2 O-O 7. Bf4 Nc6 8.
Qd2 Nxd4 9. Qxd4 Be6 10. O-O-O Nd7 11. Kb1 a6 12. f3 Bf6 13. Qd2 b5 14. g4 Nb6
15. g5 Be5 16. Be3 b4 17. Nd5 Bxd5 18. exd5 Na4 19. Bd4 Bxd4 20. Qxd4 Qxg5 21.
Qxb4 Nxb2 22. Rdg1 Qf6 23. Kc1 Rab8 24. Qg4 Rfe8 25. Bxa6 h5 0-1

[Event "European Rapid 2017"]
[Site "Katowice POL"]
[Date "2017.12.17"]
[Round "11.35"]
[White "Miton, Kamil"]
[Black "Stojcevski, Zoran"]
[Result "1-0"]
[WhiteTitle "GM"]
[BlackTitle "FM"]
[WhiteElo "2584"]
[BlackElo "2337"]
[WhiteFideId "1111914"]
[BlackFideId "15000192"]
[EventDate "2017.12.16"]

1. e4 e5 2. Nf3 Nc6 3. Bc4 Bc5 4. c3 Nf6 5. d3 O-O 6. Nbd2 a6 7. Bb3 Ba7 8. Nc4
d6 9. Bg5 h6 10. Bh4 Be6 11. Ne3 Qe7 12. O-O Rad8 13. d4 exd4 14. cxd4 Bxb3 15.
axb3 Qxe4 16. Bxf6 gxf6 17. Re1 Nxd4 18. Nxd4 Qxd4 19. Qh5 Qf4 20. Ra4 Bd4 21.
g3 Qe4 22. Rxd4 Qxd4 23. Nf5 Qb4 24. Nxh6+ Kg7 25. Nf5+ Kg8 26. Re3 Rde8 27. Rf3
Re5 28. Rf4 Qe1+ 29. Kg2 Rxf5 30. Qxf5 Re8 31. Qxf6 Qe6 32. Qg5+ Qg6 33. Qd5 c6
34. Qd4 f5 35. Rh4 Kf7 36. Qb6 Re7 37. Qd8 Ke6 38. Qc8+ Kd5 39. Rf4 Rf7 40. Qe8
Qe6 41. Qh8 Qf6 42. Qh5 Ke6 43. g4 Rg7 44. h3 Rg5 45. Qe8+ Kd5 46. Qe2 b5 47. h4
Qe5 48. Qf3+ 1-0

[Event "European Rapid 2017"]
[Site "Katowice POL"]
[Date "2017.12.17"]
[Round "11.36"]
[White "Berg, Klaus"]
[Black "Ragger, Markus"]
[Result "0-1"]
[WhiteTitle "IM"]
[BlackTitle "GM"]
[WhiteElo "2323"]
[BlackElo "2657"]
[WhiteFideId "1400053"]
[BlackFideId "1610856"]
[EventDate "2017.12.16"]

1. d4 d5 2. c4 e6 3. Nc3 a6 4. cxd5 exd5 5. Bf4 Nf6 6. e3 Bd6 7. Bxd6 Qxd6 8.
Qc2 O-O 9. Nf3 Re8 10. Bd3 Nc6 11. Be2 Ne4 12. O-O Bf5 13. Nxe4 Bxe4 14. Qb3
Rab8 15. Rac1 Re6 16. Qa3 Qd8 17. Nd2 Bf5 18. Bd3 Qg5 19. Bxf5 Qxf5 20. Nf3 Qh5
21. h3 Rf6 22. Rc5 Rd8 23. e4 h6 24. Rfc1 Rf4 25. Qe3 Rf6 26. Qb3 Rxf3 27. Qxf3
Qxf3 28. gxf3 Nxd4 29. Kg2 Ne6 30. R5c2 d4 31. Kf1 c6 32. b4 g5 33. Rc4 Kg7 34.
Ke1 Kf6 35. a4 Ke5 36. b5 axb5 37. axb5 Kf4 38. bxc6 bxc6 39. Rxc6 Kxf3 40. Ra1
Rd7 41. e5 Rd5 42. Ra3+ Kf4 43. Ra7 Rxe5+ 44. Kd2 Rf5 45. Kd3 Kf3 46. Rc2 Kg2
47. f4+ Kxh3 48. fxg5 hxg5 49. Ke4 Rf4+ 50. Ke5 Rf3 51. Rb7 g4 52. Rb8 d3 53.
Rd2 Nf4 54. Ke4 Ne6 55. Rb5 f6 56. Rxd3 Ng5+ 57. Kd4 Rxd3+ 58. Kxd3 g3 59. Ke3
g2 60. Kf2 Kh2 61. Rb1 Nh3+ 62. Kf3 g1=Q 63. Rxg1 Kxg1 64. Kg4 Ng5 65. Kf5 Nh7 0-1

[Event "European Rapid 2017"]
[Site "Katowice POL"]
[Date "2017.12.17"]
[Round "11.37"]
[White "Hansen, Mads Smith"]
[Black "Piorun, Kacper"]
[Result "0-1"]
[BlackTitle "GM"]
[WhiteElo "2347"]
[BlackElo "2651"]
[WhiteFideId "1400258"]
[BlackFideId "1130420"]
[EventDate "2017.12.16"]

1. d4 f5 2. Nc3 d5 3. Bg5 h6 4. Bf4 Nf6 5. f3 g5 6. Be5 Nbd7 7. e4 dxe4 8. fxe4
Nxe5 9. dxe5 Qxd1+ 10. Rxd1 Nxe4 11. Nb5 Kf7 12. Bc4+ Kg6 13. Nxc7 Rb8 14. h4
Bg7 15. h5+ Kh7 16. Nf3 g4 17. Bf7 Rf8 18. Bg6+ Kh8 19. O-O gxf3 20. gxf3 Bxe5
21. fxe4 Bxc7 22. exf5 Rf6 0-1

[Event "European Rapid 2017"]
[Site "Katowice POL"]
[Date "2017.12.17"]
[Round "11.38"]
[White "Natsidis, Christoph"]
[Black "Plat, Vojtech"]
[Result "0-1"]
[WhiteTitle "FM"]
[BlackTitle "GM"]
[WhiteElo "2345"]
[BlackElo "2567"]
[WhiteFideId "24601179"]
[BlackFideId "325740"]
[EventDate "2017.12.16"]

1. d4 Nf6 2. c4 g6 3. f3 d5 4. cxd5 Nxd5 5. e4 Nb6 6. Nc3 Bg7 7. Be3 O-O 8. Qd2
Nc6 9. O-O-O e5 10. d5 Nd4 11. f4 Bg4 12. Re1 c5 13. h3 Bd7 14. fxe5 Bxe5 15.
Nf3 Nxf3 16. gxf3 Rc8 17. Kb1 Re8 18. h4 h5 19. Bd3 Qf6 20. f4 Bxc3 21. bxc3 Qg7
22. Rhg1 Bg4 23. c4 Na4 24. e5 b5 25. cxb5 Nb6 26. d6 Red8 27. Rxg4 hxg4 28. Rg1
f5 29. h5 Qd7 30. hxg6 c4 31. Bc2 Qxb5+ 32. Kc1 Kg7 33. e6 Nd5 34. Bd4+ Nf6 35.
Bxf6+ Kxf6 36. Qd4+ Kxe6 37. d7 Qa5 38. dxc8=Q+ 0-1

[Event "European Rapid 2017"]
[Site "Katowice POL"]
[Date "2017.12.17"]
[Round "11.39"]
[White "Orndahl, Markus"]
[Black "Dvirnyy, Danyyil"]
[Result "0-1"]
[BlackTitle "GM"]
[WhiteElo "2182"]
[BlackElo "2532"]
[WhiteFideId "1709135"]
[BlackFideId "817570"]
[EventDate "2017.12.16"]

1. e4 d5 2. exd5 e6 3. d4 exd5 4. Nf3 Bd6 5. Bd3 Nc6 6. c3 Nge7 7. b4 a6 8. Bg5
f6 9. Bh4 Nf5 10. Bg3 Nce7 11. Nbd2 Nxg3 12. hxg3 g6 13. Qe2 Kf7 14. Nb3 b6 15.
O-O h5 16. Rae1 g5 17. Nc5 bxc5 18. bxc5 Nf5 19. Qc2 Nh6 20. Bh7 f5 21. cxd6
cxd6 22. Qb3 Ra7 23. Qxd5+ Kg7 24. Bxf5 Bxf5 25. Re3 Qf6 26. c4 Nf7 27. Rfe1 Rc7
28. Re8 Rxe8 29. Rxe8 Bd7 30. Re3 Qf5 31. Qxf5 Bxf5 32. Nd2 Rb7 33. Ra3 Rb6 34.
f3 Rb2 35. Nf1 Bc8 36. Ne3 Nd8 37. Rb3 Rxb3 38. axb3 Nc6 39. Nc2 Bf5 40. d5 Bxc2
41. dxc6 Kf7 42. b4 Ke7 43. Kf2 Bd3 0-1

[Event "European Rapid 2017"]
[Site "Katowice POL"]
[Date "2017.12.17"]
[Round "11.40"]
[White "Dziuba, Marcin"]
[Black "Mitkov, Marjan"]
[Result "0-1"]
[WhiteTitle "GM"]
[BlackTitle "IM"]
[WhiteElo "2584"]
[BlackElo "2333"]
[WhiteFideId "1112953"]
[BlackFideId "15000354"]
[EventDate "2017.12.16"]

1. d4 Nf6 2. Bf4 b6 3. Nf3 Bb7 4. e3 Nh5 5. Bg5 h6 6. Bh4 g5 7. Bg3 Nxg3 8. hxg3
Bg7 9. Nbd2 d6 10. c3 Nd7 11. Bd3 e6 12. Qe2 g4 13. Nh4 h5 14. f4 gxf3 15. gxf3
Qg5 16. O-O-O O-O-O 17. Rh3 Kb8 18. Be4 d5 19. Bd3 c5 20. Kb1 Rc8 21. Rdh1 Qe7
22. f4 Nf6 23. Nhf3 c4 24. Bc2 b5 25. Ne5 Rhf8 26. a3 a5 27. Kc1 b4 28. axb4
axb4 29. Kd1 bxc3 30. bxc3 Qa3 31. Nb1 Qb2 32. Qd2 Rc7 33. Qc1 Qb6 34. Qa3 Rd8
35. Qb4 Qa6 36. Ke2 Bf8 37. Qb2 Rd6 38. Nd2 Rb6 39. Qa1 Ba3 40. g4 Nxg4 41. Rxh5
Nxe5 42. fxe5 Bb2 43. Qxa6 Rxa6 44. Nb1 Ra2 45. Kd1 Bc6 46. Rh8+ Kb7 47. Rf8 Ba4
48. Bxa4 Rxa4 49. Rf1 Ra1 50. Kc2 Ra2 51. R8xf7 Ba3+ 52. Kd1 Be7 53. R1f2 Rxf2
54. Rxf2 Bg5 55. Na3 Kc6 56. Nc2 Rh7 57. Rg2 Be7 58. Ke2 Kb5 59. e4 dxe4 60. Ne3
Ba3 61. Rg8 Rh2+ 62. Kf1 Bc1 63. Rb8+ Kc6 64. Nxc4 e3 65. Ke1 Kd5 66. Nd6 Bd2+
67. Kd1 Bxc3 0-1

[Event "European Rapid 2017"]
[Site "Katowice POL"]
[Date "2017.12.17"]
[Round "11.41"]
[White "Jussupow, Artur"]
[Black "Mazurkiewicz, Michal"]
[Result "1/2-1/2"]
[WhiteTitle "GM"]
[WhiteElo "2582"]
[BlackElo "2215"]
[WhiteFideId "4618777"]
[BlackFideId "1124943"]
[EventDate "2017.12.16"]

1. d4 Nf6 2. Nf3 g6 3. c4 Bg7 4. Nc3 O-O 5. Bg5 d6 6. e3 c5 7. Be2 cxd4 8. exd4
Bf5 9. O-O h6 10. Bh4 g5 11. Bg3 Ne4 12. Nxe4 Bxe4 13. Bd3 Bxd3 14. Qxd3 f5 15.
h3 f4 16. Bh2 Nc6 17. d5 Nb4 18. Qe4 Qd7 19. Rfe1 Rae8 20. Re2 Na6 21. Rae1 Nc5
22. Qc2 a5 23. Kh1 Rf7 24. Nd2 Qf5 25. Qxf5 Rxf5 26. Rxe7 Rxe7 27. Rxe7 Bxb2 28.
f3 Re5 29. Rxe5 Bxe5 30. Bg1 Nd3 31. Bb6 a4 32. Ne4 a3 33. Bc7 Nb4 34. Bxd6 Bxd6
35. Nxd6 Nxa2 36. Nb5 Kf7 37. Nxa3 Nc3 38. Kg1 Ke7 39. Kf2 Kd6 40. Ke1 Kc5 41.
Kd2 Na2 42. Nc2 b5 43. cxb5 Kxb5 44. Nd4+ Kc5 45. Nf5 Kxd5 46. Nxh6 Ke5 47. Nf7+
Kf6 48. Nd6 Nb4 49. Ne4+ Kg6 50. Ke2 Nd5 51. Kf2 Kf5 52. Kg1 Ne3 53. Nf2 Kg6 54.
Ng4 Nf5 55. Kf2 Kh5 56. Ne5 Kh4 57. Nc4 Kh5 58. Nd2 Kh4 59. Ne4 Kh5 60. g4+
fxg3+ 61. Nxg3+ Nxg3 62. Kxg3 Kh6 63. h4 Kh5 1/2-1/2

[Event "European Rapid 2017"]
[Site "Katowice POL"]
[Date "2017.12.17"]
[Round "11.42"]
[White "Bednarek, Sylwester"]
[Black "Heberla, Bartlomiej"]
[Result "0-1"]
[WhiteTitle "FM"]
[BlackTitle "GM"]
[WhiteElo "2307"]
[BlackElo "2555"]
[WhiteFideId "1101811"]
[BlackFideId "1115120"]
[EventDate "2017.12.16"]

1. d4 Nf6 2. Bg5 c6 3. Bxf6 exf6 4. c4 Qa5+ 5. Nc3 Qb4 6. Qc2 Qxc4 7. O-O-O Qb4
8. e4 Be7 9. Nd5 cxd5 10. Qxc8+ Bd8 11. exd5 O-O 12. a3 Qb6 13. Qc5 d6 14. Qxb6
Bxb6 15. Bb5 Rd8 16. Nf3 Nd7 17. Kd2 f5 18. Bxd7 Rxd7 19. Rc1 g6 20. Rc4 Kg7 21.
Re1 Kf6 22. Kd3 g5 23. h3 h5 24. Nh2 Rg8 25. Nf1 Rdd8 26. g4 hxg4 27. hxg4 fxg4
28. Ne3 Kg6 29. Nxg4 Rde8 30. Ne3 Rh8 31. Rcc1 Rh3 32. Rh1 Reh8 33. Rxh3 Rxh3
34. Rc8 Rh4 35. Rg8+ Kf6 36. Nc2 Rh2 37. Ne3 Rh4 38. Nc2 Rf4 39. Ke3 Kf5 40. Rb8
g4 41. Rxb7 Rf3+ 42. Ke2 Ke4 43. Re7+ Kxd5 44. Ne3+ Kxd4 45. Nxg4 Rb3 46. Rxf7
Rxb2+ 47. Kf1 Ra2 48. Rf4+ Kc3 49. a4 d5 50. Nf6 d4 51. Nd5+ Kc4 52. Nxb6+ axb6
53. Rf6 Rb2 54. Ke1 Kc3 55. Rd6 Kd3 56. Kf1 Rb1+ 57. Kg2 Rb4 58. f4 Ke4 59. Kg3
d3 60. Kg4 Rd4 61. Re6+ Kd5 62. Re1 d2 63. Rd1 Kc4 64. Kf3 Kd3 65. f5 Kc2 0-1

[Event "European Rapid 2017"]
[Site "Katowice POL"]
[Date "2017.12.17"]
[Round "11.43"]
[White "Mikhalchishin, Adrian"]
[Black "Troyke, Christian"]
[Result "1-0"]
[WhiteTitle "GM"]
[BlackTitle "IM"]
[WhiteElo "2479"]
[BlackElo "2348"]
[WhiteFideId "14602385"]
[BlackFideId "4616278"]
[EventDate "2017.12.16"]

1. Nf3 g6 2. c4 Bg7 3. d4 Nf6 4. g3 O-O 5. Bg2 d6 6. O-O Ne4 7. Qc2 f5 8. Nbd2
Nxd2 9. Bxd2 e5 10. dxe5 dxe5 11. Bb4 Re8 12. Rad1 Qf6 13. Bc3 Nc6 14. b4 Qe7
15. b5 Nd8 16. e4 Nf7 17. Rfe1 f4 18. gxf4 exf4 19. Bxg7 Kxg7 20. Qc3+ Kg8 21.
e5 Bg4 22. Rd4 g5 23. e6 Nd6 24. Rd5 h6 25. c5 Nxb5 26. Qd3 Qf6 27. Nxg5 hxg5
28. Ree5 Bxe6 29. Rxg5+ Kf7 30. Qh7+ Kf8 31. Rdf5 Qxf5 32. Qg7# 1-0

[Event "European Rapid 2017"]
[Site "Katowice POL"]
[Date "2017.12.17"]
[Round "11.44"]
[White "Klabis, Rokas"]
[Black "Warakomski, Tomasz"]
[Result "0-1"]
[WhiteTitle "FM"]
[BlackTitle "GM"]
[WhiteElo "2366"]
[BlackElo "2537"]
[WhiteFideId "12805246"]
[BlackFideId "1124552"]
[EventDate "2017.12.16"]

1. e4 c6 2. Nc3 d5 3. d4 g6 4. h3 Bg7 5. Nf3 Nh6 6. e5 f6 7. exf6 exf6 8. Be2
Nf7 9. O-O O-O 10. Bf4 Nd7 11. Re1 Re8 12. a4 a5 13. Qd2 Nf8 14. Bf1 Rxe1 15.
Rxe1 Ne6 16. Bg3 Bd7 17. Ne2 Qb6 18. b3 Bf8 19. Nc1 Bb4 20. c3 Bf8 21. Qd1 Nd6
22. Bd3 Ng7 23. c4 Ndf5 24. c5 Qb4 25. Bc2 Nxg3 26. fxg3 b6 27. Nd3 Qc3 28. cxb6
Rb8 29. Nf4 Rxb6 30. Ne2 Qe3+ 31. Kh2 Bb4 32. Rf1 Rb8 33. Nc1 Nf5 34. Bxf5 Bxf5
35. Nh4 Be4 36. Rxf6 c5 37. dxc5 Bxc5 38. Nf3 Kg7 39. Re6 Bxf3 40. Rxe3 Bxd1 41.
Rd3 Bc2 42. Rc3 Rc8 43. Rxc2 Bg1+ 44. Kxg1 Rxc2 45. Nd3 Rc3 46. Nf4 Rxb3 47.
Nxd5 Rb4 0-1

[Event "European Rapid 2017"]
[Site "Katowice POL"]
[Date "2017.12.17"]
[Round "11.45"]
[White "Krejci, Jan2"]
[Black "Dudzinski, Pawel"]
[Result "1-0"]
[WhiteTitle "GM"]
[BlackTitle "FM"]
[WhiteElo "2570"]
[BlackElo "2241"]
[WhiteFideId "322156"]
[BlackFideId "1117890"]
[EventDate "2017.12.16"]

1. e4 c6 2. d4 d5 3. e5 c5 4. dxc5 Nc6 5. a3 Nxe5 6. b4 Nf6 7. Bb2 Nc6 8. c4
dxc4 9. Qxd8+ Nxd8 10. Bxc4 Be6 11. Bb5+ Bd7 12. Nc3 a6 13. Bxd7+ Nxd7 14. Nf3
e6 15. Rd1 Nf6 16. Na4 Nc6 17. Nb6 Rd8 18. Rxd8+ Nxd8 19. Ke2 Nc6 20. Rd1 Nb8
21. Ne5 Be7 22. Nec4 O-O 23. Bxf6 Bxf6 24. Na5 Nc6 25. Nxc6 bxc6 26. Rd6 h5 27.
Rxc6 Rd8 28. Nc4 Ra8 29. Rb6 Bd8 30. Rb7 Kf8 31. Nd6 Be7 32. Nc4 a5 33. c6 axb4
34. c7 Rc8 35. Rb8 1-0

[Event "European Rapid 2017"]
[Site "Katowice POL"]
[Date "2017.12.17"]
[Round "11.46"]
[White "Styazhkina, Anna"]
[Black "Bosiocic, Marin"]
[Result "0-1"]
[WhiteTitle "WIM"]
[BlackTitle "GM"]
[WhiteElo "2283"]
[BlackElo "2624"]
[WhiteFideId "24119300"]
[BlackFideId "14507927"]
[EventDate "2017.12.16"]

1. e4 c5 2. Nf3 e6 3. c4 Nc6 4. d4 cxd4 5. Nxd4 Nf6 6. Nc3 Bb4 7. Nxc6 bxc6 8.
Bd3 e5 9. Bd2 Bc5 10. O-O d6 11. Qf3 h6 12. h3 O-O 13. Rfd1 Ne8 14. Ne2 Nc7 15.
b4 Bb6 16. Bc3 Ne6 17. Bc2 Qe7 18. a4 a5 19. b5 Bb7 20. Rab1 Bc5 21. Qg3 Qf6 22.
Rf1 cxb5 23. cxb5 Ng5 24. Qg4 h5 25. Qxh5 Nxe4 26. Be1 g6 27. Qg4 Qf5 28. Qxf5
gxf5 29. Kh2 Kh8 30. f3 Nf6 31. Bxf5 Nd5 32. Bd2 Ne7 33. Be4 d5 34. Bc2 f5 35.
f4 e4 36. Bc3+ Kh7 37. Nd4 Rac8 38. Ne6 Rg8 39. Bxa5 d4 40. Ng5+ Rxg5 41. fxg5
Bd6+ 42. Kh1 Rxc2 43. Rbc1 Ra2 44. Bc7 Bb4 45. Rc4 Bc3 46. Be5 e3 47. Rg1 e2 48.
Rc7 Bxg2+ 49. Kh2 Bb4 50. Bxd4 Bd6+ 0-1

[Event "European Rapid 2017"]
[Site "Katowice POL"]
[Date "2017.12.17"]
[Round "11.47"]
[White "Tomaszewski, Roman"]
[Black "Stocek, Jiri"]
[Result "0-1"]
[WhiteTitle "IM"]
[BlackTitle "GM"]
[WhiteElo "2285"]
[BlackElo "2566"]
[WhiteFideId "1100637"]
[BlackFideId "304760"]
[EventDate "2017.12.16"]

1. d4 Nf6 2. c4 e6 3. Nf3 b6 4. Nc3 Bb7 5. a3 g6 6. d5 Bg7 7. g3 O-O 8. Bg2 c6
9. dxe6 dxe6 10. Bf4 Nbd7 11. Ne5 Nxe5 12. Bxe5 Nd7 13. Bxg7 Kxg7 14. O-O Qe7
15. Qc2 Rad8 16. Rfd1 Ne5 17. b3 Rxd1+ 18. Nxd1 Rd8 19. Qc3 Qf6 20. Rc1 Rd4 21.
Ne3 Nd7 22. Rd1 e5 23. b4 Ba6 24. Rc1 Qe6 25. a4 Bc8 26. b5 cxb5 27. axb5 Nc5
28. Bd5 Qe7 29. Nc2 Rg4 30. f4 Na4 31. Qf3 exf4 32. Rf1 f6 33. e3 0-1

[Event "European Rapid 2017"]
[Site "Katowice POL"]
[Date "2017.12.17"]
[Round "11.48"]
[White "Moskalenko, Alexander"]
[Black "Bielczyk, Jacek"]
[Result "1-0"]
[WhiteTitle "IM"]
[BlackTitle "IM"]
[WhiteElo "2522"]
[BlackElo "2279"]
[WhiteFideId "4155351"]
[BlackFideId "1100530"]
[EventDate "2017.12.16"]

1. e4 c5 2. Nf3 Nc6 3. Bb5 g6 4. Bxc6 bxc6 5. O-O Bg7 6. Re1 Nf6 7. Nc3 O-O 8.
e5 Nd5 9. h3 d6 10. exd6 exd6 11. Nxd5 cxd5 12. d4 h6 13. Be3 c4 14. Qd2 Kh7 15.
b3 Qc7 16. bxc4 Qxc4 17. Bf4 Qc6 18. Qb4 Rd8 19. Re7 Kg8 20. Qa5 Bf5 21. Rb1 Rd7
22. Rbe1 Be4 23. Rxd7 Qxd7 24. Nd2 Re8 25. Nxe4 Rxe4 26. Rxe4 dxe4 27. d5 Kh7
28. Qa6 Bf8 29. Be3 Qf5 30. c4 1-0

[Event "European Rapid 2017"]
[Site "Katowice POL"]
[Date "2017.12.17"]
[Round "11.49"]
[White "Sroczynski, Maciej"]
[Black "Michalik, Peter"]
[Result "0-1"]
[WhiteTitle "FM"]
[BlackTitle "GM"]
[WhiteElo "2309"]
[BlackElo "2557"]
[WhiteFideId "1121472"]
[BlackFideId "14907526"]
[EventDate "2017.12.16"]

1. d4 Nf6 2. Nf3 g6 3. c4 Bg7 4. Nc3 d5 5. Qb3 dxc4 6. Qxc4 a6 7. e4 b5 8. Qb3
Bb7 9. e5 Nd5 10. Be2 O-O 11. O-O Nb6 12. Rd1 Nc6 13. Ne4 Qd5 14. Qxd5 Nxd5 15.
Nc5 Bc8 16. Bd2 Nd8 17. Rac1 Ne6 18. Nxe6 Bxe6 19. Ng5 Bf5 20. g4 Bd7 21. Bf3 c6
22. Ne4 f6 23. Nc5 Bc8 24. Bxd5+ cxd5 25. e6 f5 26. gxf5 Rxf5 27. Be3 h6 28. Nd7
Bxd7 29. exd7 Rd8 30. Rc8 Rff8 31. Rdc1 Rxd7 32. R8c6 Rf6 33. Rxf6 Bxf6 34. Rc6
Rd6 35. Rxd6 exd6 36. f3 Kf7 37. Kf2 Ke6 38. Kg3 Kf5 39. b3 h5 40. a3 Bd8 41.
Kf2 Bg5 42. Bxg5 Kxg5 43. b4 Kf4 44. Ke2 g5 45. Kf2 g4 46. fxg4 hxg4 47. Kg2 Ke4
48. Kg3 Kxd4 49. Kxg4 Ke3 50. h4 d4 51. h5 d3 0-1

[Event "European Rapid 2017"]
[Site "Katowice POL"]
[Date "2017.12.17"]
[Round "11.50"]
[White "Olszewski, Michal"]
[Black "Janik, Igor"]
[Result "0-1"]
[WhiteTitle "GM"]
[BlackTitle "FM"]
[WhiteElo "2540"]
[BlackElo "2413"]
[WhiteFideId "1121251"]
[BlackFideId "1159259"]
[EventDate "2017.12.16"]

1. c4 e5 2. Nc3 Nf6 3. g3 c6 4. Nf3 e4 5. Nd4 Bc5 6. Nb3 Bb4 7. Bg2 d5 8. cxd5
cxd5 9. O-O O-O 10. d3 Bf5 11. Bg5 Bxc3 12. bxc3 Nbd7 13. Nd4 Bg6 14. dxe4 dxe4
15. Nb5 Qa5 16. c4 a6 17. Bd2 Qb6 18. Nc3 Qc6 19. Qb3 Ne5 20. Nd5 Qxc4 21. Nxf6+
gxf6 22. Qe3 Rad8 23. Rfc1 Qe6 24. Bc3 Qf5 25. a4 Rd7 26. a5 Rfd8 27. h3 Nc6 28.
Rab1 Qg5 29. Qxg5 fxg5 30. Bf6 Re8 31. Bxg5 Nxa5 32. Rb6 Nc6 33. Bf6 Re6 34. Bb2
Red6 35. Kh2 f5 36. g4 Rd2 37. gxf5 Bxf5 38. Re1 Rc2 39. Ba1 Kf7 40. Kg3 Bg6 41.
Kf4 Ne7 42. Bxe4 Rc4 43. Rf6+ Ke8 44. Re6 Kf7 45. Rf6+ Kg8 46. Rxg6+ Nxg6+ 47.
Ke3 Kf8 48. Rg1 Ra4 49. f3 Ra3+ 50. Bd3 Re7+ 51. Kd2 Ne5 52. Be4 Nc4+ 53. Kc2
Ne3+ 54. Kb1 Nc4 55. Rd1 Rc7 56. Rd8+ Ke7 57. Rh8 Nd2+ 58. Kb2 Rb3+ 59. Ka2 Rc4
60. Rxh7+ Kd6 61. Rh6+ Kc5 62. Rh5+ Kb6 0-1

[Event "European Rapid 2017"]
[Site "Katowice POL"]
[Date "2017.12.17"]
[Round "11.51"]
[White "Arnaudov, G. Petar"]
[Black "Swicarz, Maciej"]
[Result "0-1"]
[WhiteTitle "GM"]
[WhiteElo "2439"]
[BlackElo "2378"]
[WhiteFideId "2907127"]
[BlackFideId "1113585"]
[EventDate "2017.12.16"]

1. Nf3 d5 2. c4 d4 3. e3 Nc6 4. b4 dxe3 5. fxe3 Nxb4 6. d4 c5 7. a3 Na6 8. Nc3
g6 9. d5 Bg7 10. Bb2 Nf6 11. Bd3 O-O 12. O-O Ng4 13. Qd2 e5 14. h3 Nh6 15. e4 f6
16. Rae1 Nf7 17. Qf2 Nd6 18. Nb5 b6 19. Rd1 Nc7 20. a4 Ncxb5 21. axb5 a5 22. Qg3
Ra7 23. Ra1 Re7 24. Bc1 Qe8 25. Nh2 f5 26. Bg5 Ref7 27. Rae1 f4 28. Qf3 h6 29.
Bh4 g5 30. Bf2 Rf6 31. Be2 Qg6 32. Bd1 Nxc4 33. Qc3 Nd6 34. Qb2 R6f7 35. Qb1 h5
36. Kh1 g4 37. Bh4 Bd7 38. Be2 Bf6 39. Bxf6 Rxf6 40. Qd1 Nxe4 41. Bd3 Ng3+ 42.
Kg1 e4 43. Bb1 gxh3 44. Rf2 Re8 45. Nf3 Qg7 46. Nh2 e3 47. Rf3 Ne4 48. Qc2 Nf2
49. Rxf2 exf2+ 0-1

[Event "European Rapid 2017"]
[Site "Katowice POL"]
[Date "2017.12.17"]
[Round "11.52"]
[White "Sergeev, Vladimir"]
[Black "Fistek, Dariusz"]
[Result "1-0"]
[WhiteTitle "GM"]
[WhiteElo "2406"]
[BlackElo "2218"]
[WhiteFideId "14101076"]
[BlackFideId "1132210"]
[EventDate "2017.12.16"]

1. d4 Nf6 2. Nf3 g6 3. Bg5 Bg7 4. Nbd2 d5 5. e3 O-O 6. Be2 b6 7. b4 Bb7 8. O-O
Nbd7 9. c3 h6 10. Bh4 Ne4 11. Nxe4 dxe4 12. Nd2 g5 13. Bg3 e5 14. f3 f5 15. fxe4
fxe4 16. Qb3+ Kh8 17. d5 Nf6 18. c4 Qe7 19. Qc3 Rae8 20. b5 Bc8 21. Qc2 Qc5 22.
Bf2 Bf5 23. Nb3 Qe7 24. Kh1 h5 25. Bg1 Bg6 26. Rad1 Rd8 27. a4 h4 28. h3 Bh6 29.
Qc3 g4 30. hxg4 Bg5 31. Bh2 Nd7 32. a5 Kg7 33. a6 Rh8 34. Qd2 Qd6 35. Rf2 h3 36.
Kg1 Bh4 37. Rff1 Bg5 38. Bg3 h2+ 39. Kh1 Rdf8 40. Qc3 Rxf1+ 41. Rxf1 Re8 42. Bd1
Nf6 43. Be2 Re7 44. Nd2 Kg8 45. Nb1 Nd7 46. Na3 Nc5 47. Nc2 Nd3 48. Ne1 Qc5 49.
Nc2 Bxe3 50. Rf6 Kh7 51. Rc6 Bd4 1-0

[Event "European Rapid 2017"]
[Site "Katowice POL"]
[Date "2017.12.17"]
[Round "11.53"]
[White "Mayans, Calvo, Mariano"]
[Black "Kourousis, Epaminondas"]
[Result "0-1"]
[BlackTitle "IM"]
[WhiteElo "2233"]
[BlackElo "2393"]
[WhiteFideId "2251426"]
[BlackFideId "4211626"]
[EventDate "2017.12.16"]

1. e4 c6 2. Nf3 d5 3. Nc3 dxe4 4. Nxe4 Nf6 5. Nxf6+ exf6 6. d4 Bd6 7. Be2 O-O 8.
O-O Re8 9. Nd2 Nd7 10. a4 a5 11. Nc4 Bc7 12. c3 Nf8 13. Bf3 Be6 14. b3 Ng6 15.
g3 Qd7 16. Re1 f5 17. Ba3 Rad8 18. Bc5 Bd5 19. Rxe8+ Rxe8 20. Nb6 Bxb6 21. Bxb6
f4 22. c4 Be4 23. Bxe4 Rxe4 24. Qf3 f5 25. Rd1 Qe7 26. Bxa5 fxg3 27. hxg3 f4 28.
Bb4 Qe8 29. Bd6 fxg3 30. Bxg3 Nh4 31. Qd3 Nf5 32. Be5 Qg6+ 33. Kf1 Rg4 34. Ke2
h5 35. Kd2 Rg2 36. Qf3 Qg5+ 37. Kc3 Nh4 38. Qe3 Qg4 39. Rd2 Nf3 40. Rd3 Ng5 41.
Kb4 h4 42. Ka5 h3 43. d5 cxd5 44. cxd5 h2 45. f3 b6+ 46. Kxb6 Qb4+ 47. Kc7 h1=Q
48. Bc3 Qh2+ 49. d6 Qxb3 50. Qe7 Qc4+ 51. Kd8 Nf7+ 52. Ke8 Qc8+ 0-1